Statistics for Languages Of Mali

Click here to take the quiz!

General Stats

  • This quiz has been taken 41 times
  • The average score is 5 of 15

Answer Stats

StatusLanguage% Correct
OfficialFrench
97%
NationalArabic
89%
NationalFula
60%
NationalBambara
43%
NationalBomu
31%
NationalSoninke
29%
NationalBozo
26%
NationalDogon
26%
NationalSonghay
26%
NationalTamasheq
26%
NationalKassonke
20%
NationalManinka
20%
NationalHassaniya
17%
NationalMinyanka
17%
NationalSenara
17%

Score Distribution

Percentile by Number Answered

Percent of People with Each Score

Your Score History

You have not taken this quiz